000 01056nam a2200277Ia 4500
008 130821s1957 ag gr spa
040 _aCo-BoUCM
_bspa
041 _aspa
100 1 _aPaulsen, Andreas
_d1899-1977
_9110995
245 1 3 _aLa nueva teoría económica
_cAndreas Paulsen ; traducción de Adolfo von Ritter-Zahony ; supervisión de B. Rodríguez Meitín ; prólogo de Oreste Popescu.
260 _aBuenos Aires (Argentina)
_bEl Ateneo
_c1957
300 _a453 páginas
490 0 _aBiblioteca de ciencias económicas
500 _aEjemplar 2 Donación Dr. Alvaro Daza
650 0 4 _aEconomía keynesiana
_913699
650 0 4 _aEconomía
_9174
650 0 4 _aPleno empleo
_921717
650 0 4 _aTeoría económica
_925318
650 0 4 _aTeoría política
_925330
700 1 _aPopescu, Oreste
_epról.
_9109675
700 1 _aRitter-Zahony, Adolfo von
_etrad.
_9114298
700 1 _aRodriguez Meitín, B.
_erev.
_9114299
765 1 _tNeue wirtschaftslehre
942 _cLIBRO
_a7
_e1
_2DEWEY
_h330.156
999 _c11484
_d11484